000 00364nam a2200133Ia 4500
008 100328s9999 xx 000 0 und d
082 _b20149
100 _aसोनार वा.रा.
245 _aपाणीच पाणी
260 _bाारा
630 _aपाणीच पाणी
730 _aपाणीच पाणी
942 _cBOOK
999 _c514345
_d514342